1789 1389 1643 1814 1279 1816 1060 1246 1647 1061 1665 1715 1414 1565 1572 1370 1653 1395 1414 1162 1282 1175 1410 1058 1713 1388 1374 1163 1665 1363 1622 1596 1493 1571 1200 1600 1712 1826 1196 1179 1004 1287 1671 1167 1177 1572 1263 1073 1159 1664 1378 1843 1039 1211 1552 1144 1959 1936 1882 1966 1634 1858 1706 1654 1575 1224 1581 1042 1734 1856 1644 1842 1432 1231 1881 1372 1734 1411 1160 1304 1381 1689 1595 1582 1985 1615 1438 1231 1234 1183 1659 1629 1785 1833 1104 1681 1665 1448 1101 BCNSPRNW ULIB Ver.6.0+V

เปลี่ยนเป็นภาษาไทย

Change to English
 แสดงรายละเอียดบรรณานุกรม
  กลับหน้าหลัก

Brief Record : Get Marc (ISO 2709) : E-mail record : QR code < ปิดหน้าต่าง
LEADER : 00000nam 2200000uu 4500
001    13399112555
003     ULIB
008    110824s2545||||th 000 0 tha d
020    9786167375700
060 04 QV250^bณ113T 2554
245 00 Trends in Infectious Disease Pharmacotherapy 2011/^cบรรณาธิการ, ณัฐาศิริ ฐานะวุฑฒ์,สุชาดา สูรพันธุ์,มาลี โรจน์พิบูลสถิตย์
250    พิมพ์ครั้งที่ 1
260    กรุงเทพฯ :^bประชาชน จำกัด,^c2554
300    367 หน้า :^bภาพประกอบ ;^c26 ซม.
650  4 โรคติดเชื้อ^xการรักษาด้วยยา
700 0  ณัฐาศิริ ฐานะวุฑฒ์,^eบรรณาธิการ
700 0  สุชาดา สูรพันธุ์,^eบรรณาธิการ
710 2  โครงการประชุมเชิงปฏิบัติการ งานเภสัชกรรมคลินิก ครั้งที่ 8/2554
945    ^p380^l0^i18531
945    ^p380^l0^i18532
995     กัณชพร
999    ^aใช้งานได้ทุกระบบ
รายการนี้ยังไม่มีแท็ก
คุณยังไม่ได้ล็อกอิน คุณสามารถมีกิจกรรมร่วมกับเว็บไซต์ได้ แต่ต้องล็อกอินก่อน ::
  ล็อกอิน

รายการสื่อสารสนเทศ

ลำดับที่ ประเภท เลขเรียก/บาร์โค้ด สถานที่ สถานะ
1. วิทยาศาสตร์การแพทย์ และสุขภาพ
วิทยาศาสตร์การแพทย์ และสุขภาพ
สถานะ=หนังสือเก่า
QV250 ณ113T 2554  
  Barcode: 18531
ห้องสมุดวิทยาเขตนครสวรรค์
►ส่วนจัดเก็บหนังสือเก่า นว.
บนชั้น
  ขอยืม
2. วิทยาศาสตร์การแพทย์ และสุขภาพ
วิทยาศาสตร์การแพทย์ และสุขภาพ
สถานะ=หนังสือเก่า
QV250 ณ113T 2554 ฉ.2 
  Barcode: 18532
ห้องสมุดวิทยาเขตนครสวรรค์
►ส่วนจัดเก็บหนังสือเก่า นว.
บนชั้น
  ขอยืม

BibComment


ยังไม่เคยถูกคอมเมนท์

คอมเมนท์ทรัพยากรรายการนี้
  คอมเมนท์: Trends in Infecti..


 Copyright 2026. Bcnsprnw @Library